00436nam a22001097a 4500008004100000100004100041245010300082260004700185300003000232650001700262773004700279231204b ||||| |||| 00| 0 eng d aSahu, G., Prasad, S. and Gore, N.S.  aEmerging challenges for access to maternal and child health services: Learned and future strategy  aMadhya Pradesh Journal of Social Sciences  a26(2), Dec, 2021: p.45-56 aChild health aMadhya Pradesh Journal of Social Sciences